Normal view
MARC view
Entry Personal Name
001 - CONTROL NUMBER
- control field: 52253
003 - CONTROL NUMBER IDENTIFIER
- control field: ARRUPE
005 - DATE AND TIME OF LATEST TRANSACTION
- control field: 20230322121753.0
008 - FIXED-LENGTH DATA ELEMENTS
- fixed length control field: 230322|| aca||aabn | a|a d
040 ## - CATALOGING SOURCE
- Original cataloging agency: ARRUPE
- Transcribing agency: ARRUPE
100 ## - HEADING--PERSONAL NAME
- Personal name: Jones,Ernest
670 ## - SOURCE DATA FOUND
- Source citation: Work cat.: (ARRUPE)131699: Jones,Ernest, The life and work of Sigmund Freud., 1954.